| 000 | 00586nam a22001937a 4500 | ||
|---|---|---|---|
| 005 | 20251108165915.0 | ||
| 008 | 250721s2000 xx 000 0 ara d | ||
| 082 | 1 | 4 | _a005.64/ملح |
| 100 | 1 | _aالملحم، حسام | |
| 245 | 1 | 0 | _aواجهة العبور العامة cgi / |
| 264 | 1 |
_aدمشق : _bدار الرضا للنشر، _c2000. |
|
| 300 | _a292ص | ||
| 490 | 0 | _aسلسلة الرضا للإنترنت ؛8 | |
| 650 | 1 | 7 | _aشبكات الحواسيب |
| 650 | 1 | 7 | _aلغات البرمجة |
| 650 | 1 | 7 | _aبرامج الحاسوب |
| 942 |
_2ddc _cBK |
||
| 999 |
_c34466 _d34466 |
||